Normal view
MARC view
- Nelson, Stephen L.
Entry Personal Name
001 - CONTROL NUMBER
- control field: 112968
003 - CONTROL NUMBER IDENTIFIER
- control field: NUST
005 - DATE AND TIME OF LATEST TRANSACTION
- control field: 20230602152536.0
008 - FIXED-LENGTH DATA ELEMENTS
- fixed length control field: 230602|| aca||aabn | a|a d
040 ## - CATALOGING SOURCE
- Original cataloging agency: NUST
- Transcribing agency: NUST
100 ## - HEADING--PERSONAL NAME
- Personal name: Nelson, Stephen L.
670 ## - SOURCE DATA FOUND
- Source citation: Work cat.: (NUST)180282: Nelson, Stephen L.,, the complete reference Office XP /, c2001.
